NBA Hall of Famers Colleges - Statistics

General Stats
  • This quiz has been taken 177 times
  • The average score is 20 of 29
Answer Stats
Hall of Famers Answer % Correct
Michael Jordan North Carolina Tar Heels
95%
Bob McAdoo North Carolina Tar Heels
95%
Reggie Miller UCLA Bruins
94%
Kareem Abdul-Jabbar UCLA Bruins
94%
Bill Walton UCLA Bruins
94%
Alonzo Mourning Georgetown Hoyas
93%
Allen Iverson Georgetown Hoyas
93%
Patrick Ewing Georgetown Hoyas
93%
Shaquille O'Neal LSU Tigers
93%
Pete Maravich LSU Tigers
93%
Magic Johnson Michigan State Spartans
92%
Isiah Thomas Indiana Hoosiers
91%
Grant Hill Duke Blue Devils
89%
Larry Bird Indiana State Sycamores
85%
Hakeem Olajuwon Houston Cougars
79%
Elvin Hayes Houston Cougars
79%
Charles Barkley Auburn Tigers
75%
Jason Kidd California Golden Bears
62%
Dominique Wilkins Georgia Bulldogs
58%
Gary Payton Oregon State Beavers
54%
Steve Nash Santa Clara Broncos
53%
Mitch Richmond Kansas State Wildcats
52%
Oscar Robertson Cincinnati Bearcats
43%
Scottie Pippen Central Arkansas Bears
35%
Julius Erving UMass Minutemen
34%
Rick Barry Miami Hurricanes
33%
Alex English South Carolina Gamecocks
24%
Nate Thurmond Bowling Green Falcons
7%
George Gervin Eastern Michigan Eagles
5%
No matching quizzes found
Score Distribution
Percent of People with Each Score
Percentile by Number Answered
Your Score History
You have not taken this quiz